000
00200nam a2200097Ia 4500
008
240331s9999 xx 000 0 und d
082
_b
DOS
100
_a
Lucas,M.H.L. ed
245
0
_a
Dossier
942
_c
L
999
_c
2856
_d
2856